000 00832cam a22002773a 4500
001 8153
003 PGUSA
005 20140828083153.0
008 050501s2005||||xxu|||||s|||||000 1 eng d
040 _aPGUSA
_beng
042 _adc
050 4 _aPS
050 4 _aPZ
100 1 _aHancock, H. Irving
_q(Harrie Irving),
_d1868-1922
245 1 4 _aThe Young Engineers in Arizona; or, Laying Tracks on the Man-killer Quicksand
_h[electronic resource] /
_cH. Irving Hancock
260 _bProject Gutenberg,
_c2005
506 _aPublic domain in the USA.
516 _aElectronic text
653 _aArizona -- Fiction
653 _aCivil engineers -- Fiction
653 _aWestern stories
653 _aOutlaws -- Fiction
830 0 _aProject Gutenberg
_v8153
856 4 0 _uhttp://www.gutenberg.org/ebooks/8153
942 _cEB
999 _c237453
_d237453